Bundesliga Transfers Sommer 25 - Statistiken

Allgemein
  • Dieses Quiz wurde 194 mal gespielt
  • Das Durchschnittsergebnis liegt bei 13 aus 16
Antwortstatistiken
Alter Verein Neuer Verein Ablösesumme Spieler % Korrekt
Bayer Leverkusen Liverpool 140 Mio Florian Wirtz
100%
Liverpool FC Bayern München 75 Mio Luis Diaz
99%
FC Bayern München Galatasaray ablösefrei Leroy Sane
97%
Bayer Leverkusen FC Bayern München ablösefrei Jonathan Tah
95%
FC Bayern München Vancouver Whitecaps ablösefrei Thomas Müller
94%
Eintracht Franktfurt Liverpool 90 Mio Hugo Ekitike
89%
Bayer Leverkusen Liverpool 40 Mio Jeremie Frimpong
88%
AFC Sunderland Borussia Dortmund 30,5 Mio Jobe Bellingham
88%
RB Leipzig Manchester United 76,5 Mio Benjamin Sesko
82%
Mainz 05 Eintracht Franktfurt 23 Mio Jonathan Burkardt
81%
Borussia Dortmund Chelsea 65 Mio Jamie Gittens
80%
Union Berlin 1860 München ablösefrei Kevin Volland
77%
SC Freiburg Eintracht Franktfurt 21 Mio Ritsu Doan
72%
VfB Stuttgart Al-Ahli 28 Mio Enzo Millot
70%
Borussia Dortmund Borussia Mönchengladbach 7 Mio Giovanni Reyna
66%
VfL Wolfsburg VfB Stuttgart 13 Mio Tiago Tomas
60%
Keine übereinstimmenden Quizze gefunden
Verteilung der Resultate
Anzahl Personen mit jedem Resultat
Perzentil nach korrekt beantworteten Fragen
Ihre Resultats-Entwicklung
Sie haben dieses Quiz noch nicht gespielt